[Event "C.to Provinciale BG"]
[Site "Bergamo ITA"]
[Date "2013.01.27"]
[Round "5"]
[White "Scarabelli, Maurizio"]
[Black "Pecorario, Stefano"]
[WhiteElo "1801"]
[BlackElo "1785"]
[Result "1/2-1/2"]
[PlyCount "80"]
[EventDate "2013.01.19"]

1. e4 e5 2. Nf3 Nc6 3. Bb5 a6 4. Ba4 d6 5. O-O Nf6 6. d3 Be7 7. c3 O-O 8. Nbd2
Nd7 9. d4 exd4 10. cxd4 b5 11. Bb3 Bf6 12. Bd5 Bb7 13. a4 Nb6 14. axb5 axb5 15.
Rxa8 Qxa8 16. Bxc6 Bxc6 17. d5 Bd7 18. Nb1 Nc4 19. b3 Ne5 20. Nxe5 Bxe5 21. f4
Qa7+ 22. Kh1 Bd4 23. Qf3 f5 24. Nc3 Bxc3 25. Qxc3 fxe4 26. Bb2 Rf7 27. h4 Qc5
28. Qxc5 dxc5 29. Be5 c4 30. bxc4 bxc4 31. Rc1 Bb5 32. Rb1 Ba4 33. Kg1 Rd7 34.
Rb4 Bb3 35. Rb5 Bc2 36. Rc5 Bd3 37. Kf2 Kf7 38. Bxc7 c3 39. Rxc3 Rxd5 40. Be5
Rd7 1/2-1/2

[Event "C.to Provinciale BG"]
[Site "Bergamo ITA"]
[Date "2013.01.27"]
[Round "5"]
[White "Silini, Bruno"]
[Black "Colonetti, Fabio"]
[WhiteElo "1621"]
[BlackElo "1457"]
[Result "1/2-1/2"]
[PlyCount "68"]
[EventDate "2013.01.19"]

1. e4 c5 2. Nc3 d6 3. g3 g6 4. Bg2 Bg7 5. Nge2 Nc6 6. d3 Bd7 7. O-O a6 8. Be3
e6 9. d4 cxd4 10. Nxd4 Nge7 11. Nxc6 Bxc6 12. Qd2 d5 13. Bh6 O-O 14. Rab1 dxe4
15. Qxd8 Rfxd8 16. Bxg7 Kxg7 17. Nxe4 Rd4 18. Rfe1 Rad8 19. c3 R4d7 20. Nc5 Rc7
21. Bh3 Bd5 22. Nb3 Bxb3 23. axb3 Rc6 24. Bg2 Rb6 25. b4 Nd5 26. Rbd1 Rc6 27.
Bxd5 Rxd5 28. Rxd5 exd5 29. Rd1 Rd6 30. Kg2 Kf6 31. Rd4 g5 32. f4 g4 33. h3 h5
34. b3 Ke6 1/2-1/2

[Event "C.to Provinciale BG"]
[Site "Bergamo ITA"]
[Date "2013.01.27"]
[Round "5"]
[White "Tarelli, Daniele"]
[Black "Tedoldi, Guido"]
[WhiteElo "1936"]
[BlackElo "1621"]
[Result "1-0"]
[PlyCount "87"]
[EventDate "2013.01.19"]

1. e4 c5 2. Nf3 Nc6 3. d4 cxd4 4. Nxd4 e5 5. Nb5 a6 6. Nd6+ Bxd6 7. Qxd6 Nge7
8. Nc3 O-O 9. Be3 b5 10. Bd3 Bb7 11. O-O Rc8 12. a4 bxa4 13. Rxa4 Ng6 14. Bxa6
Bxa6 15. Rxa6 Nce7 16. Bb6 Qe8 17. Rd1 Rc6 18. Qxd7 Qb8 19. Ba7 Qa8 20. Rxc6
Nxc6 21. Bc5 Rd8 22. Qg4 Nd4 23. Bxd4 Rxd4 24. Rxd4 exd4 25. Nd1 h6 26. g3 Qa5
27. Qe2 Qg5 28. b4 Nf4 29. Qf3 Ne6 30. Qd3 Nf4 31. Qf1 Ne6 32. f4 Qg4 33. Nf2
Qf3 34. Qd3 Qh5 35. Kg2 Qg6 36. Kf1 Nc7 37. Qxd4 Qa6+ 38. Nd3 Ne6 39. Qc3 h5
40. Ke1 Qb6 41. Nc5 Nxc5 42. Qxc5 Qa6 43. b5 Qa5+ 44. Ke2 1-0

[Event "C.to Provinciale BG"]
[Site "Bergamo ITA"]
[Date "2013.01.27"]
[Round "5"]
[White "Villa, Giorgio"]
[Black "Filice, Davide"]
[WhiteElo "1979"]
[BlackElo "1716"]
[Result "1/2-1/2"]
[PlyCount "71"]
[EventDate "2013.01.19"]

1. d4 Nf6 2. Nf3 d5 3. c4 c6 4. e3 Bf5 5. Nc3 e6 6. Nh4 Bg6 7. Nxg6 hxg6 8. g3
Nbd7 9. Qe2 Nb6 10. cxd5 exd5 11. Bg2 Bb4 12. a3 Bxc3+ 13. bxc3 O-O 14. O-O Re8
15. Re1 g5 16. f3 g4 17. Ra2 gxf3 18. Qxf3 Ne4 19. Rc2 Qf6 20. Qg4 Qg6 21. Qxg6
fxg6 22. Rf1 Nc4 23. Rf4 Nf6 24. Re2 Nd6 25. a4 g5 26. Rf1 Nfe4 27. Ba3 Nxc3
28. Rb2 Nxa4 29. Rb3 Nc4 30. Rxb7 Rab8 31. Rxa7 Ra8 32. Rc7 Rec8 33. Re7 Re8
34. Rc7 Rec8 35. Re7 Re8 36. Rc7 1/2-1/2

[Event "C.to Provinciale BG"]
[Site "Bergamo ITA"]
[Date "2013.01.27"]
[Round "6"]
[White "Andolfatto, Maria"]
[Black "Silini, Bruno"]
[WhiteElo "1428"]
[BlackElo "1621"]
[Result "1-0"]
[PlyCount "45"]
[EventDate "2013.01.19"]

1. e4 d5 2. exd5 Qxd5 3. Nc3 Qd6 4. Bc4 Nf6 5. h3 Qc6 6. Bb5 e6 7. Bxc6+ Nxc6
8. Nf3 Bc5 9. d3 O-O 10. Be3 Bb4 11. a3 Be7 12. O-O Rd8 13. Nh2 a6 14. Qe2 b5
15. Ne4 Nd5 16. Bc5 Bh4 17. Nf3 Bf6 18. Nxf6+ gxf6 19. Qe4 f5 20. Qh4 Rd7 21.
c4 Nde7 22. Ng5 Kf8 23. Qxh7 1-0

[Event "C.to Provinciale BG"]
[Site "Bergamo ITA"]
[Date "2013.01.27"]
[Round "6"]
[White "Cattaneo, Marco"]
[Black "Moroni, Luca jr"]
[WhiteElo "2066"]
[BlackElo "2161"]
[Result "1/2-1/2"]
[PlyCount "48"]
[EventDate "2013.01.19"]

1. d4 d5 2. c4 e6 3. Nc3 c6 4. e4 dxe4 5. Nxe4 Nf6 6. Nxf6+ Qxf6 7. Nf3 Bb4+ 8.
Bd2 Bxd2+ 9. Qxd2 Nd7 10. Be2 c5 11. O-O cxd4 12. Nxd4 O-O 13. Rfd1 e5 14. Nb5
Nc5 15. Qe3 Ne6 16. Rd6 Qg5 17. Qxg5 Nxg5 18. Rad1 Be6 19. Nc7 Rac8 20. Nxe6
Nxe6 21. R1d5 Nf4 22. Rxe5 f6 23. Re4 Nxe2+ 24. Rxe2 Rxc4 1/2-1/2

[Event "C.to Provinciale BG"]
[Site "Bergamo ITA"]
[Date "2013.01.27"]
[Round "6"]
[White "Chiarparin, Matteo"]
[Black "Folcini, Gaddo"]
[WhiteElo "1458"]
[BlackElo "1611"]
[Result "1-0"]
[PlyCount "51"]
[EventDate "2013.01.19"]

1. e4 e5 2. Nf3 d5 3. d3 Nc6 4. Be2 Bg4 5. O-O Bxf3 6. Bxf3 Nd4 7. Nd2 Nf6 8.
Re1 Qd7 9. c3 dxe4 10. cxd4 exf3 11. Nxf3 O-O-O 12. dxe5 Ng4 13. h3 h5 14. d4
Bc5 15. Bg5 f6 16. exf6 gxf6 17. dxc5 Qf5 18. Qb1 Qxc5 19. hxg4 fxg5 20. Qf5+
Qxf5 21. gxf5 g4 22. Nh4 Rd2 23. Rab1 Rhd8 24. Ng6 Rc2 25. Red1 Rf8 26. Nxf8
1-0

[Event "C.to Provinciale BG"]
[Site "Bergamo ITA"]
[Date "2013.01.27"]
[Round "6"]
[White "Ferrari, Paolo"]
[Black "Colonetti, Fabio"]
[WhiteElo "1717"]
[BlackElo "1457"]
[Result "1-0"]
[PlyCount "108"]
[EventDate "2013.01.19"]

1. d4 d5 2. c4 e6 3. Nc3 Nf6 4. Bg5 Be7 5. Nf3 Nbd7 6. e3 O-O 7. Qc2 b6 8. cxd5
exd5 9. Be2 Bb7 10. O-O c5 11. Rfd1 Re8 12. dxc5 bxc5 13. Rac1 Ne4 14. Bxe7
Qxe7 15. Nxd5 Bxd5 16. Rxd5 Nb6 17. Re5 Qb7 18. Bd3 Rxe5 19. Nxe5 Nf6 20. Qb3
Rc8 21. Nc4 Rd8 22. Nxb6 Qxb6 23. Rc3 Qxb3 24. Rxb3 c4 25. Bxc4 Rd1+ 26. Bf1 h6
27. f3 Ra1 28. Ra3 Nd5 29. Kf2 Rb1 30. Rb3 Nb6 31. e4 Na4 32. f4 Rxb2+ 33. Rxb2
Nxb2 34. Ke3 f6 35. Kd4 Kf7 36. Bc4+ Ke7 37. e5 fxe5+ 38. fxe5 Nxc4 39. Kxc4
Ke6 40. Kd4 g6 41. g4 h5 42. gxh5 gxh5 43. h4 a6 44. a3 a5 45. a4 Ke7 46. Kd5
Kd7 47. e6+ Ke7 48. Ke5 Ke8 49. Kf6 Kf8 50. Kg6 Ke7 51. Kxh5 Kxe6 52. Kg5 Kf7
53. Kf5 Kg7 54. Ke5 Kh6 1-0

[Event "C.to Provinciale BG"]
[Site "Bergamo ITA"]
[Date "2013.01.27"]
[Round "6"]
[White "Filice, Davide"]
[Black "Oteri, Aldo"]
[WhiteElo "1716"]
[BlackElo "1794"]
[Result "0-1"]
[PlyCount "68"]
[EventDate "2013.01.19"]

1. e4 e6 2. d3 d5 3. Nd2 c5 4. Ngf3 Nc6 5. g3 Bd6 6. Bg2 Nge7 7. O-O Qc7 8. c3
Bd7 9. a3 O-O 10. Nh4 g5 11. Qg4 h6 12. f4 f5 13. Qh5 gxh4 14. e5 hxg3 15. exd6
gxh2+ 16. Qxh2 Qxd6 17. Qxh6 Rf7 18. Rf3 Rg7 19. Rh3 Ng6 20. Nf3 Kf7 21. Ng5+
Kf6 22. Nh7+ Rxh7 23. Qxh7 Rh8 24. Qxh8+ Nxh8 25. Rxh8 Ne7 26. b4 Ng6 27. Rh6
Kg7 28. Rh3 Nxf4 29. Rf3 Nxg2 30. Kxg2 d4 31. Rg3+ Kf7 32. Bd2 Bc6+ 33. Kf2
dxc3 34. Bxc3 Qf4+ 0-1

[Event "C.to Provinciale BG"]
[Site "Bergamo ITA"]
[Date "2013.01.27"]
[Round "6"]
[White "Foglieni, Matteo"]
[Black "Villa, Giorgio"]
[WhiteElo "1801"]
[BlackElo "1979"]
[Result "0-1"]
[PlyCount "100"]
[EventDate "2013.01.19"]

1. Nf3 d5 2. g3 Nf6 3. Bg2 c6 4. O-O Bf5 5. d3 e6 6. Nbd2 Be7 7. c4 h6 8. b3
O-O 9. Bb2 Nbd7 10. cxd5 exd5 11. Nd4 Bg6 12. N2f3 Re8 13. Re1 Qb6 14. Qd2 a5
15. Bc3 Bc5 16. a3 Ng4 17. b4 axb4 18. axb4 Bd6 19. Qb2 Nde5 20. Nxe5 Bxe5 21.
h3 Nf6 22. Nf3 Bxc3 23. Qxc3 Nd7 24. e3 Ra6 25. Ra3 Rea8 26. Rea1 Nb8 27. Bf1
Rxa3 28. Rxa3 Rxa3 29. Qxa3 Na6 30. b5 Qxb5 31. Ne5 Qc5 32. Qb3 Qb4 33. Qxb4
Nxb4 34. Nxg6 fxg6 35. d4 Kf7 36. f4 Kf6 37. Kf2 g5 38. Ke2 gxf4 39. exf4 Kf5
40. Ke3 Nc2+ 41. Kd3 Na3 42. Be2 Nc4 43. Bg4+ Kf6 44. Bc8 Nd6 45. Bd7 g6 46.
Bg4 Nf5 47. Bxf5 gxf5 48. g4 fxg4 49. hxg4 Kg6 50. Kc3 h5 0-1

[Event "C.to Provinciale BG"]
[Site "Bergamo ITA"]
[Date "2013.01.27"]
[Round "6"]
[White "Pecorario, Stefano"]
[Black "Rota, Simone"]
[WhiteElo "1785"]
[BlackElo "2039"]
[Result "1-0"]
[PlyCount "51"]
[EventDate "2013.01.19"]

1. e4 c5 2. Nf3 d6 3. d4 cxd4 4. Nxd4 Nf6 5. Nc3 e6 6. Be2 Be7 7. O-O O-O 8. f4
Nc6 9. Be3 Bd7 10. a4 Nxd4 11. Bxd4 Bc6 12. Bd3 Nd7 13. b4 e5 14. Be3 b6 15.
Nd5 Bxd5 16. exd5 Bf6 17. Ra3 exf4 18. Bxf4 Ne5 19. Bxh7+ Kxh7 20. Qh5+ Kg8 21.
Rh3 Nf3+ 22. Rfxf3 Bd4+ 23. Be3 Bxe3+ 24. Rxe3 f6 25. Qh7+ Kf7 26. Qxg7+ 1-0

[Event "C.to Provinciale BG"]
[Site "Bergamo ITA"]
[Date "2013.01.27"]
[Round "6"]
[White "Ranfagni, Stefano"]
[Black "Cocconcelli, Lorenzo"]
[WhiteElo "2040"]
[BlackElo "2031"]
[Result "0-1"]
[PlyCount "60"]
[EventDate "2013.01.19"]

1. e4 e6 2. d4 d5 3. Nd2 Nf6 4. e5 Nfd7 5. Bd3 c5 6. c3 Nc6 7. Ne2 cxd4 8. cxd4
f6 9. exf6 Nxf6 10. Nf3 Bd6 11. O-O O-O 12. Bg5 e5 13. dxe5 Nxe5 14. Nxe5 Bxe5
15. Qc2 h6 16. Bh4 Bxh2+ 17. Kxh2 Ng4+ 18. Kg3 g5 19. Bh7+ Kh8 20. Bxg5 Qxg5
21. Qg6 Qe5+ 22. f4 Qe3+ 23. Rf3 Qxe2 24. f5 Nf6 25. Rh1 Nxh7 26. Rxh6 Qe7 27.
Kf2 Bxf5 28. Rxf5 Rxf5+ 29. Qxf5 Re8 30. Qg6 Qe3+ 0-1

[Event "C.to Provinciale BG"]
[Site "Bergamo ITA"]
[Date "2013.01.27"]
[Round "6"]
[White "Rota, Gabriele"]
[Black "Maffeis, Fabio"]
[WhiteElo "1359"]
[BlackElo "1391"]
[Result "1/2-1/2"]
[PlyCount "103"]
[EventDate "2013.01.19"]

1. e4 e5 2. f4 exf4 3. Nf3 d6 4. d4 f5 5. exf5 Bxf5 6. Qe2+ Be7 7. Bxf4 a6 8.
Bg5 Nd7 9. Bxe7 Qxe7 10. Qxe7+ Nxe7 11. c4 O-O 12. Be2 Rae8 13. Nc3 Ng6 14. O-O
Nf4 15. Nh4 Nxe2+ 16. Nxe2 Bd3 17. Rxf8+ Rxf8 18. Nc3 Bxc4 19. b3 Bf7 20. Re1
Re8 21. Rxe8+ Bxe8 22. Kf2 c5 23. dxc5 dxc5 24. Nf5 b6 25. Nd5 Bg6 26. Nfe7+
Kf7 27. Nc8 Bb1 28. Nc3 Bf5 29. Nd6+ Ke6 30. Ne8 Kf7 31. Nd6+ Kg6 32. Ke3 Ne5
33. Nxf5 Kxf5 34. h3 c4 35. Nd5 cxb3 36. axb3 Nc6 37. Nxb6 Na5 38. b4 Nc6 39.
g4+ Ke6 40. Na4 Nxb4 41. Nc5+ Kd5 42. Nb3 Nc6 43. Nc1 g5 44. Kd3 a5 45. Ne2
Nb4+ 46. Kc3 Na6 47. Kb2 Kc4 48. Ng3 Nb4 49. Nh5 Nd3+ 50. Ka3 Nf2 51. Ka4 Nxh3
52. Nf6 1/2-1/2

[Event "C.to Provinciale BG"]
[Site "Bergamo ITA"]
[Date "2013.01.27"]
[Round "6"]
[White "Scarabelli, Maurizio"]
[Black "Falchi, Claudio"]
[WhiteElo "1801"]
[BlackElo "1867"]
[Result "1/2-1/2"]
[PlyCount "83"]
[EventDate "2013.01.19"]

1. e4 e6 2. d4 d5 3. e5 c5 4. c3 Qb6 5. Nf3 Bd7 6. a3 cxd4 7. cxd4 Bb5 8. Nc3
Bxf1 9. Kxf1 Ne7 10. b4 Nec6 11. g3 Be7 12. Kg2 Nd7 13. Be3 O-O 14. h4 Rac8 15.
Qd2 a6 16. h5 Rc7 17. g4 Rfc8 18. Na4 Qb5 19. Nc5 Nxc5 20. bxc5 Na5 21. Rhb1
Nc4 22. Qe1 Qd7 23. g5 g6 24. Bc1 Rc6 25. Rb3 b6 26. cxb6 Rxb6 27. Rxb6 Nxb6
28. Qa5 Qb5 29. Qxb5 axb5 30. Rb1 gxh5 31. Rxb5 Rxc1 32. Rxb6 Bxa3 33. Rb3 Bf8
34. Ng1 Rd1 35. Ne2 h6 36. gxh6 Bxh6 37. Rh3 Rd2 38. Kf1 Kg7 39. Rxh5 Kg6 40.
Rh3 Rd1+ 41. Kg2 Rd2 42. Kf1 1/2-1/2

[Event "C.to Provinciale BG"]
[Site "Bergamo ITA"]
[Date "2013.01.27"]
[Round "6"]
[White "Tedoldi, Guido"]
[Black "Attuati, Luca"]
[WhiteElo "1621"]
[BlackElo "1469"]
[Result "0-1"]
[PlyCount "68"]
[EventDate "2013.01.19"]

1. c4 e5 2. Nc3 c5 3. e4 Nc6 4. Nf3 Nf6 5. d3 h6 6. Be2 Be7 7. O-O O-O 8. Be3
b6 9. Nd5 d6 10. Rc1 Bb7 11. a3 Nh7 12. Ne1 f5 13. f4 Nd4 14. Bxd4 exd4 15. Bh5
Bxd5 16. cxd5 Nf6 17. Bg6 Ng4 18. Nc2 Ne3 19. Nxe3 dxe3 20. Bxf5 Bf6 21. Rc2
Bd4 22. Kh1 Qf6 23. Qe2 Rab8 24. Rf3 Rb7 25. Rg3 Qh4 26. Rc1 Qxf4 27. Rf1 Qh4
28. Be6+ Rbf7 29. Bxf7+ Rxf7 30. Rxf7 Kxf7 31. Qf1+ Kg8 32. Rf3 Be5 33. g3 Qh5
34. Qc1 Qxf3+ 0-1

[Event "C.to Provinciale BG"]
[Site "Bergamo ITA"]
[Date "2013.01.27"]
[Round "6"]
[White "Tentori, Giulio"]
[Black "Guerini, Sara"]
[WhiteElo "1720"]
[BlackElo "1685"]
[Result "1/2-1/2"]
[PlyCount "37"]
[EventDate "2013.01.19"]

1. e4 e5 2. Nf3 Nc6 3. Bc4 Bc5 4. c3 Nf6 5. d4 exd4 6. e5 d5 7. Bb5 Ne4 8. cxd4
Bb4+ 9. Nbd2 Bd7 10. O-O Bxd2 11. Bxd2 O-O 12. Be3 Ne7 13. Bd3 Nf5 14. Bf4 h6
15. h3 Be6 16. Qe2 Ng5 17. Bxf5 Bxf5 18. Nxg5 hxg5 19. Be3 1/2-1/2

[Event "C.to Provinciale BG"]
[Site "Bergamo ITA"]
[Date "2013.01.27"]
[Round "6"]
[White "Villa, Claudio"]
[Black "Biava, Pierluigi"]
[WhiteElo "1813"]
[BlackElo "1653"]
[Result "0-1"]
[PlyCount "76"]
[EventDate "2013.01.19"]

1. d4 Nf6 2. c4 e6 3. Nf3 b6 4. g3 Bb7 5. Bg2 Bb4+ 6. Bd2 Qe7 7. O-O O-O 8. Qb3
a5 9. a3 Bxd2 10. Nbxd2 a4 11. Qc2 c5 12. e4 Rc8 13. Rfc1 cxd4 14. Nxd4 Qc5 15.
Qd3 Nc6 16. Nxc6 Bxc6 17. b4 axb3 18. Nxb3 Qe7 19. Nd4 Ra5 20. Nxc6 dxc6 21.
Rcb1 Qc5 22. h3 g6 23. Rb3 Kg7 24. Rab1 Rca8 25. Rxb6 Rxa3 26. R6b3 Rxb3 27.
Qxb3 Ra3 28. Qb4 Qa5 29. Qxa5 Rxa5 30. f4 Rc5 31. Rc1 Nd7 32. Kf2 Nb6 33. Bf1
e5 34. fxe5 Rxe5 35. Rb1 Nd7 36. Ke3 Kf6 37. h4 h5 38. Rb6 Nxb6 0-1

[Event "C.to Provinciale CZ"]
[Site "Catanzaro ITA"]
[Date "2013.01.18"]
[Round "1"]
[White "Attina', Rodolfo"]
[Black "Morelli, Gaetano"]
[WhiteElo "1515"]
[BlackElo "1891"]
[Result "0-1"]
[PlyCount "92"]
[EventDate "2013.01.18"]

1. d4 d5 2. Nf3 e6 3. a3 c5 4. c3 Nc6 5. e3 Nf6 6. Nbd2 Bd6 7. c4 O-O 8. cxd5
Nxd5 9. Ne4 Be7 10. g3 b6 11. Qd3 Nc7 12. Qd1 Bb7 13. Nc3 cxd4 14. Nb5 Nxb5 15.
Bxb5 Qd5 16. Be2 Ne5 17. O-O Nxf3+ 18. Bxf3 Qxf3 19. Qxf3 Bxf3 20. exd4 Bf6 21.
Be3 Rfd8 22. Rac1 Bxd4 23. Bxd4 Rxd4 24. Rc3 Be2 25. Rfc1 Rad8 26. h3 h5 27. b4
Rd1+ 28. Kg2 Rxc1 29. Rxc1 Rd3 30. Ra1 Bf3+ 31. Kg1 b5 32. Kf1 Kf8 33. Re1 Ke7
34. Kg1 Kd6 35. Kh2 Kd5 36. Re3 Rxe3 37. fxe3 Ke4 38. a4 bxa4 39. b5 Kxe3 40.
b6 axb6 41. g4 Kf2 42. g5 g6 43. h4 a3 44. Kh3 a2 45. Kh2 a1=R 46. Kh3 Rh1# 0-1

[Event "C.to Provinciale CZ"]
[Site "Catanzaro ITA"]
[Date "2013.01.18"]
[Round "1"]
[White "Bellisario, Carlo"]
[Black "Rotunno, Giuseppe"]
[WhiteElo "1589"]
[BlackElo "2024"]
[Result "0-1"]
[PlyCount "56"]
[EventDate "2013.01.18"]

1. c4 e6 2. Nc3 d5 3. cxd5 exd5 4. d4 Nf6 5. Nf3 Be7 6. g3 O-O 7. Bg2 b6 8. O-O
Bb7 9. Bg5 Nbd7 10. Rc1 a6 11. a3 Ne4 12. Bxe7 Qxe7 13. Nd2 Ndf6 14. e3 Rac8
15. Qc2 c5 16. Ndxe4 dxe4 17. dxc5 Rxc5 18. Qb3 b5 19. Ne2 Bd5 20. Qb4 Bc4 21.
Rfe1 Nd5 22. Qa5 b4 23. Qa4 Rcc8 24. Nd4 Qb7 25. Bxe4 Qe7 26. Bxd5 Bxd5 27.
Qxa6 Rxc1 28. Rxc1 Qe4 0-1

[Event "C.to Provinciale CZ"]
[Site "Catanzaro ITA"]
[Date "2013.01.18"]
[Round "1"]
[White "Blasco, Domenico"]
[Black "D'Elia, Mario Domenico"]
[WhiteElo "1913"]
[BlackElo "1527"]
[Result "1-0"]
[PlyCount "89"]
[EventDate "2013.01.18"]

1. d4 f5 2. e4 fxe4 3. Nc3 Nf6 4. Bg5 Nc6 5. Bb5 d5 6. Bxf6 exf6 7. Qh5+ g6 8.
Qxd5 Qxd5 9. Nxd5 Kf7 10. Nxc7 Rb8 11. Bc4+ Kg7 12. Ne8+ Kh6 13. Nxf6 Nxd4 14.
O-O-O Bc5 15. Nxe4 Bb6 16. Nd6 Rf8 17. c3 Nc6 18. Nxc8 Rbxc8 19. Nf3 Bxf2 20.
Kb1 Bb6 21. Rhe1 Rcd8 22. Kc2 Rxd1 23. Rxd1 Rd8 24. Rxd8 Nxd8 25. Kd3 Bc5 26.
Ke4 Be7 27. Nd4 Kg7 28. Bd5 a6 29. Ke5 b6 30. a4 h5 31. Bc4 a5 32. Bd5 Nf7+ 33.
Bxf7 Kxf7 34. Kd5 Kf6 35. Nc6 Bc5 36. b4 Bg1 37. h3 Kf5 38. bxa5 bxa5 39. Nd4+
Kf6 40. c4 Be3 41. c5 Ke7 42. Nc6+ Kd7 43. Nxa5 Kc7 44. Nc4 Bg5 45. Ne5 1-0

[Event "C.to Provinciale CZ"]
[Site "Catanzaro ITA"]
[Date "2013.01.18"]
[Round "1"]
[White "Caputo, Francesco"]
[Black "Serratore, Vincenzo"]
[WhiteElo "1626"]
[BlackElo "1766"]
[Result "1-0"]
[PlyCount "105"]
[EventDate "2013.01.18"]

1. e4 e5 2. Nf3 Nc6 3. Bb5 Nge7 4. O-O g6 5. c3 Bg7 6. d4 exd4 7. cxd4 d5 8. e5
Bg4 9. Bg5 Qd7 10. Nc3 a6 11. Bxc6 Nxc6 12. Be3 O-O 13. h3 Bf5 14. Qb3 Be6 15.
Ne2 Ne7 16. Rac1 c6 17. Bd2 f6 18. Bb4 Rf7 19. Nf4 fxe5 20. Nxe6 Qxe6 21. Ng5
Qf5 22. Nxf7 Qxf7 23. dxe5 Bxe5 24. Rce1 Bf6 25. Bxe7 b5 26. Bxf6 Qxf6 27. Qe3
d4 28. Qe6+ Qxe6 29. Rxe6 c5 30. Rfe1 Kf7 31. Rd6 a5 32. Rd5 Rc8 33. Rc1 c4 34.
Rxd4 Ke6 35. Kf1 Ke5 36. Rd7 Ke6 37. Rb7 Rc5 38. Rxh7 b4 39. Rb7 Kd5 40. Rb6 c3
41. bxc3 bxc3 42. Rxg6 Kd4 43. Rg4+ Kd3 44. Rg3+ Kd2 45. Rgxc3 Re5 46. Re3 Rf5
47. Rce1 a4 48. Re4 a3 49. Ra4 Kc3 50. Rxa3+ Kb2 51. Ra7 Kc3 52. a4 Kb4 53.
Rb1+ 1-0

[Event "C.to Provinciale CZ"]
[Site "Catanzaro ITA"]
[Date "2013.01.18"]
[Round "1"]
[White "Cordi', Domenico"]
[Black "Scerra, Ezio"]
[WhiteElo "2035"]
[BlackElo "1593"]
[Result "1-0"]
[PlyCount "96"]
[EventDate "2013.01.18"]

1. d4 g6 2. c4 d6 3. Nc3 Bg7 4. Nf3 Nf6 5. e4 O-O 6. Be2 c6 7. h3 Bd7 8. Be3
Na6 9. Qd2 Rb8 10. O-O b6 11. Rad1 b5 12. e5 b4 13. exf6 bxc3 14. fxe7 cxd2 15.
exd8=Q Rfxd8 16. Rxd2 Be8 17. Rfd1 Nc7 18. b3 a5 19. Bf4 Ne6 20. Bg3 Bh6 21.
Rc2 Bf4 22. Bxf4 Nxf4 23. Bf1 f6 24. g3 Nh5 25. Re1 Bf7 26. Re7 Be8 27. Re1 Bf7
28. Re7 Ng7 29. Ra7 Ra8 30. Rxa8 Rxa8 31. Rc3 a4 32. b4 a3 33. Ne1 c5 34. bxc5
dxc5 35. d5 Nf5 36. Nc2 Nd6 37. Rxa3 Rb8 38. Rb3 Rb7 39. Rxb7 Nxb7 40. Na3 Be8
41. Nb5 Bxb5 42. cxb5 Kf7 43. b6 Ke7 44. Ba6 c4 45. Bxc4 Nc5 46. a4 Kd7 47. a5
Kc8 48. Bb5 Kb7 1-0

[Event "C.to Provinciale CZ"]
[Site "Catanzaro ITA"]
[Date "2013.01.18"]
[Round "1"]
[White "Grillo, Gianluca"]
[Black "Mercuri, Delia"]
[WhiteElo "1335"]
[BlackElo "1656"]
[Result "0-1"]
[PlyCount "70"]
[EventDate "2013.01.18"]

1. e4 e5 2. Nf3 d6 3. c3 Nf6 4. d3 Nc6 5. Nbd2 Bg4 6. Be2 Be7 7. O-O O-O 8. b4
a6 9. a3 Qd7 10. Nh4 Be6 11. Ndf3 d5 12. Ng5 Rad8 13. Nxe6 fxe6 14. Bg5 h6 15.
Bxf6 Bxf6 16. Ng6 Rf7 17. Bh5 Qd6 18. f4 exf4 19. Nxf4 Re7 20. exd5 Bxc3 21.
Rb1 Be5 22. Qf3 Nd4 23. Qe4 exd5 24. Qg6 Bxf4 25. Qxd6 Bxd6 26. Rb2 Rf8 27.
Rxf8+ Kxf8 28. Rf2+ Kg8 29. Rb2 Be5 30. a4 Bf6 31. Kf2 Nc6 32. b5 Bxb2 33. bxc6
bxc6 34. Be2 Bd4+ 35. Kg3 Rxe2 0-1

[Event "C.to Provinciale CZ"]
[Site "Catanzaro ITA"]
[Date "2013.01.19"]
[Round "2"]
[White "D'Elia, Mario Domenico"]
[Black "De Zerbi, Sergio"]
[WhiteElo "1527"]
[BlackElo "1690"]
[Result "0-1"]
[PlyCount "44"]
[EventDate "2013.01.18"]

1. e4 c5 2. c3 d5 3. exd5 Qxd5 4. d3 Nc6 5. Be3 e5 6. Nd2 Nf6 7. h3 Bf5 8. Qc2
Be7 9. c4 Qd7 10. Qc3 O-O-O 11. Ngf3 Rhe8 12. Ng5 Bg6 13. a3 h6 14. Nge4 Nd4
15. b4 Nxe4 16. Nxe4 Bxe4 17. dxe4 cxb4 18. Qb2 bxa3 19. Qa2 Bb4+ 20. Kd1 Qa4+
21. Kc1 Nb3+ 22. Kb1 Rd1+ 0-1

[Event "C.to Provinciale CZ"]
[Site "Catanzaro ITA"]
[Date "2013.01.19"]
[Round "2"]
[White "Mercuri, Delia"]
[Black "Cordi', Domenico"]
[WhiteElo "1656"]
[BlackElo "2035"]
[Result "0-1"]
[PlyCount "42"]
[EventDate "2013.01.18"]

1. e4 e5 2. Nf3 Nc6 3. Nc3 Nf6 4. Bb5 d6 5. h3 Be7 6. d4 exd4 7. Bxc6+ bxc6 8.
Nxd4 Bd7 9. O-O O-O 10. Bg5 Rb8 11. Rb1 h6 12. Be3 c5 13. Nf5 Bxf5 14. exf5 d5
15. Qf3 d4 16. Rfd1 Bd6 17. Bxd4 cxd4 18. Rxd4 Bh2+ 19. Kxh2 Qxd4 20. b3 Rbd8
21. Ne2 Qe4 0-1

[Event "C.to Provinciale CZ"]
[Site "Catanzaro ITA"]
[Date "2013.01.19"]
[Round "2"]
[White "Morelli, Gaetano"]
[Black "Caputo, Francesco"]
[WhiteElo "1891"]
[BlackElo "1626"]
[Result "1-0"]
[PlyCount "53"]
[EventDate "2013.01.18"]

1. e4 e5 2. Nf3 Nc6 3. d4 exd4 4. Bc4 d6 5. Nxd4 Qh4 6. O-O Ne5 7. Bb5+ c6 8.
f4 Bg4 9. Be2 Bxe2 10. Qxe2 Ng6 11. a4 Nf6 12. Ra3 O-O-O 13. Rc3 Qg4 14. Qe3
Re8 15. Nb5 Qd7 16. Qxa7 Kd8 17. e5 Nd5 18. Qa5+ b6 19. Qa8+ Ke7 20. exd6+ Kf6
21. Qxc6 Qxc6 22. Rxc6 Rd8 23. c4 Nb4 24. Rxb6 Nd3 25. Bd2 Nc5 26. N1c3 Nh4 27.
f5 1-0

[Event "C.to Provinciale CZ"]
[Site "Catanzaro ITA"]
[Date "2013.01.19"]
[Round "2"]
[White "Rotunno, Giuseppe"]
[Black "Valotta, Massimiliano"]
[WhiteElo "2024"]
[BlackElo "1851"]
[Result "1-0"]
[PlyCount "83"]
[EventDate "2013.01.18"]

1. d4 g6 2. c4 Bg7 3. Nc3 d6 4. e4 Nf6 5. f3 Nbd7 6. Be3 e5 7. d5 O-O 8. Nh3 h6
9. Qd2 Kh7 10. Nf2 Ng8 11. Bd3 Ndf6 12. g4 Ne7 13. O-O-O Nfg8 14. Rdg1 Bd7 15.
h4 Nc8 16. f4 exf4 17. Bxf4 Be5 18. Kb1 a6 19. Nh3 c5 20. Ng5+ Kg7 21. Bxe5+
dxe5 22. Qh2 Qe7 23. Nd1 b5 24. Ne3 Nd6 25. Nf3 Rfe8 26. Nf5+ gxf5 27. gxf5+
Kh8 28. Qg3 Qf6 29. Nh2 h5 30. Qe3 Nxf5 31. exf5 Bxf5 32. Rg5 Bg6 33. Rf1 Qg7
34. Rfg1 Qh6 35. Bxg6 fxg6 36. Qe4 Nf6 37. Rxg6 Qh7 38. Qf5 Rf8 39. Qg5 Rae8
40. Ka1 Ne4 41. Qg2 Rf4 42. Rg7 1-0

[Event "C.to Provinciale CZ"]
[Site "Catanzaro ITA"]
[Date "2013.01.19"]
[Round "2"]
[White "Scerra, Ezio"]
[Black "Miceli, Claudio"]
[WhiteElo "1593"]
[BlackElo "1455"]
[Result "1-0"]
[PlyCount "79"]
[EventDate "2013.01.18"]

1. c4 e6 2. Nc3 Nf6 3. g3 d5 4. cxd5 exd5 5. Bg2 c6 6. d3 Bf5 7. Nf3 h6 8. O-O
Bd6 9. Nh4 Bh7 10. e4 d4 11. Nb1 O-O 12. f4 Bc7 13. e5 Nd5 14. Qh5 Bxd3 15. Re1
Nd7 16. Nd2 Ne3 17. Be4 Bxe4 18. Rxe3 dxe3 19. Nxe4 Bb6 20. Kg2 f5 21. Nxf5
Rxf5 22. Qxf5 Nc5 23. Bxe3 Nxe4 24. Qxe4 Bxe3 25. Qxe3 Qd5+ 26. Qf3 Qd2+ 27.
Qf2 Rd8 28. Qxd2 Rxd2+ 29. Kf3 Rxb2 30. Rd1 Rxa2 31. e6 Ra3+ 32. Ke4 Ra4+ 33.
Ke5 Kf8 34. Rd8+ Ke7 35. Rd7+ Ke8 36. Rxg7 c5 37. Kf6 Kf8 38. e7+ Ke8 39. Rg8+
Kd7 40. e8=Q+ 1-0

[Event "C.to Provinciale CZ"]
[Site "Catanzaro ITA"]
[Date "2013.01.19"]
[Round "3"]
[White "Attina', Rodolfo"]
[Black "Serratore, Vincenzo"]
[WhiteElo "1515"]
[BlackElo "1766"]
[Result "0-1"]
[PlyCount "88"]
[EventDate "2013.01.18"]

1. d4 d5 2. Nf3 Bf5 3. Nbd2 e6 4. a3 Nf6 5. b3 Bd6 6. Bb2 O-O 7. g3 Nc6 8. c4
Ne4 9. e3 Bg4 10. Bg2 f5 11. c5 Be7 12. b4 Bf6 13. Qc2 Ne7 14. Ne5 Bh5 15. Ndf3
g5 16. h4 g4 17. Ng5 Qc8 18. O-O-O h6 19. Nxe4 dxe4 20. Bf1 Nd5 21. Bc4 c6 22.
Rhe1 Be8 23. Re2 a5 24. Nxg4 Bg7 25. Qb3 fxg4 26. b5 a4 27. Qa2 Qd7 28. b6 Rf3
29. Qb1 Bg6 30. Qc2 h5 31. Qd2 Qf7 32. Qe1 Rf8 33. Qa5 Rxf2 34. Rxf2 Qxf2 35.
Qxa4 Qxe3+ 36. Kb1 Qxg3 37. Qa7 Qb8 38. Rf1 Bf5 39. Ka1 Qxa7 40. bxa7 Ra8 41.
Re1 Rxa7 42. Ka2 Bf6 43. Bb3 Nb4+ 44. Kb1 e3+ 0-1